| 000 | 00718nam a2200229Ia 4500 | ||
|---|---|---|---|
| 003 | OSt | ||
| 005 | 20240905101326.0 | ||
| 008 | 220927b |||||||| |||| 00| 0 eng d | ||
| 020 | _a9780415896603 | ||
| 037 |
_b102, 17/02/2012, Excel Book International _cTextual |
||
| 040 |
_aSDCL _cSDCL _beng |
||
| 041 |
_2eng _aeng |
||
| 082 | _aRv'c Q2 | ||
| 100 |
_aShields, Christopher _9448627 |
||
| 245 | 0 |
_aAncient philosophy: _b A contemporary introduction/ |
|
| 250 | _a2 | ||
| 260 |
_aNew York: _bRoutledge, _c2012. |
||
| 300 |
_axii,245p _ccm. |
||
| 650 | _aPhilosophy | ||
| 942 |
_hRv'c Q2 _cTEXL _2CC |
||
| 999 |
_c763179 _d763179 |
||